LIBRARY & INFORMATION CENTRE, KCAET, TAVANUR

ONLINE PUBLIC ACCESS CATALOGUE (OPAC)

Hand made paper industry / (Record no. 2156)

MARC details
000 -LEADER
fixed length control field 00464cam a2200181ua 4500
041 ## - LANGUAGE CODE
Language code of text/sound track or separate title eng
082 ## - DEWEY DECIMAL CLASSIFICATION NUMBER
Classification number 338.634
Item number NAR/HA
100 ## - MAIN ENTRY--AUTHOR NAME
Personal name Narayanaswami, C.K .
245 ## - TITLE STATEMENT
Title Hand made paper industry /
250 ## - EDITION STATEMENT
Edition statement 1 /
260 ## - PUBLICATION, DISTRIBUTION, ETC. (IMPRINT)
Place of publication Mumbai :
Name of publisher Khadi and Village Industries Commission ,
Year of publication 1961.
300 ## - PHYSICAL DESCRIPTION
Number of Pages 207 ; .
942 ## - ADDED ENTRY ELEMENTS (KOHA)
Koha item type Books
Holdings
Withdrawn status Lost status Damaged status Home library Current library Date acquired Full call number Accession Number Koha item type Public note
Withdrawn     KAUAET Malayalam University 07/04/2012 338.634 8583 Books Transferred to Malayalam University
free website counter